| 000 | 00656nam a22002057a 4500 | ||
|---|---|---|---|
| 005 | 20260126113937.0 | ||
| 008 | 170224b xxu||||| |||| 00| 0 eng d | ||
| 020 | _a9780199796434 (hbk) | ||
| 040 | _cPK-LaUMT | ||
| 082 |
_a616.07548 _bKRA-U |
||
| 100 |
_aKraus , Robert H. _98918 |
||
| 245 |
_aUltra-Low field nuclear magnetic resonance: _ba new MRI regime/ _cRobert H. Kraus , Michelle A. Espy , Per E. Magnelind and Peter L. Volegov |
||
| 260 |
_aOxford: _bOxford University, _c2014 |
||
| 300 | _a239 p. | ||
| 546 | _aEN | ||
| 700 |
_aMichelle A. Espy _98919 |
||
| 700 |
_a Per E. Magnelind _98920 |
||
| 700 |
_aPeter L. Volegov _98921 |
||
| 942 | _cBK | ||
| 999 |
_c91167 _d91167 |
||